000 00490nam a2200157 i 4500
001 28630
003 ES-MaACL
005 20230906153912.0
007 t|
008 030117s1944 ag ||||1| spa d
100 1 _aAztiria, Adolfo H.
_924367
245 1 0 _aPericarditis crónica constrictiva /
_cpor Adolfo H. Aztiria.
260 _aBuenos Aires :
_bEl Ateneo,
_c1944 (
_fTalls. Gráfs. Sebastián de Amorrortu e Hijos)
300 _a123 p. ;
_c27 cm.
852 _aES-MaACL
_jE-1276
_bR.21621
999 _c28630
_d28630